LEADER 00816nam0-22003011i-450- 001 990003255380403321 005 20001010 035 $a000325538 035 $aFED01000325538 035 $a(Aleph)000325538FED01 035 $a000325538 100 $a20000920d1968----km-y0itay50------ba 101 0 $aita 105 $ay-------001yy 200 1 $aHISTOIRE GENERALE DE LA POPULATION MONDIALE 210 $aParis$cEditions Montchrestien$d1968 215 $app. 708 610 0 $aGeografia della Popolazione 676 $a040.007 700 1$aReinhard,$bMarcel$050120 801 0$aIT$bUNINA$gRICA$2UNIMARC 901 $aBK 912 $a990003255380403321 952 $a040.007.REI$b502$fDECGE 959 $aDECGE 996 $aHistoire generale de la population mondiale$9156546 997 $aUNINA DB $aING01 LEADER 01032nam a2200277 i 4500 001 991002169239707536 005 20020503161845.0 008 010315s1958 it ||| | ita 035 $ab10326273-39ule_inst 035 $aEXGIL98582$9ExL 040 $aBiblioteca Interfacoltà$bita 082 0 $a879 100 1 $aDel Monte, Alberto$0161455 245 10$aCiviltà e poesia romanze /$cAlberto Del Monte 260 $aBari :$bAdriatica,$c1958 300 $a211 p. ;$c19 cm. 490 0 $aBiblioteca di filologia romanza ;$v2 650 4$aLetterature neolatine 907 $a.b10326273$b17-02-17$c27-06-02 912 $a991002169239707536 945 $aLE002 Fondo Bodini It. 539$g1$i2002000803931$lle002$o-$pE0.00$q-$rn$so $t0$u0$v0$w0$x0$y.i1038392x$z27-06-02 945 $aLE002 840.1 DEL 945 $aLE002 Filol. I B 12$g1$i2002000352293$lle002$o-$pE0.00$q-$rl$s- $t0$u0$v0$w0$x0$y.i14080400$z01-06-05 996 $aCiviltà e poesia$9939573 997 $aUNISALENTO 998 $ale002$b01-01-01$cm$da $e-$fita$git $h0$i1